Statistics for US States by Bordering Countries

Click here to take the quiz!

General Stats

  • This quiz has been taken 38 times
  • The average score is 10 of 15

Answer Stats

Bordering CountriesUS States% Correct
CanadaAlaska
83%
CanadaMontana
78%
CanadaIdaho
74%
CanadaMaine
74%
CanadaMichigan
74%
CanadaWashington
74%
MexicoArizona
70%
CanadaMinnesota
70%
CanadaNew Hampshire
65%
MexicoNew Mexico
65%
CanadaNorth Dakota
65%
MexicoTexas
65%
CanadaVermont
65%
MexicoCalifornia
61%
CanadaNew York
61%

Score Distribution

Percentile by Number Answered

Percent of People with Each Score

Your Score History

You have not taken this quiz